Deutsche IC-Bahnhöfe - Statistiken

Allgemein
  • Dieses Quiz wurde 82 mal gespielt
  • Das Durchschnittsergebnis liegt bei 46 aus 137
Antwortstatistiken
Bahnhof % Korrekt
Berlin Hbf
85%
Köln Hbf
85%
Hannover Hbf
82%
Hamburg Hbf
80%
Augsburg Hbf
77%
Leipzig Hbf
77%
München Hbf
77%
Frankfurt (Main) Hbf
76%
Stuttgart Hbf
76%
Dresden Hbf
75%
Bremen Hbf
73%
Düsseldorf Hbf
73%
Dortmund Hbf
72%
Mainz Hbf
70%
Mannheim Hbf
70%
Nürnberg Hbf
70%
Karlsruhe Hbf
68%
Magdeburg (Hbf)
68%
Bonn Hbf
63%
Braunschweig Hbf
63%
Duisburg Hbf
63%
Ulm Hbf
63%
Halle (Saale) Hbf
62%
Heidelberg Hbf
62%
Rostock Hbf
62%
Bielefeld Hbf
61%
Münster (Westf) Hbf
61%
Hamburg-Altona
58%
Hamm (Westf) Hbf
56%
Wolfsburg Hbf
56%
Berlin Südkreuz
55%
Emden Hbf
55%
Koblenz Hbf
54%
Osnabrück Hbf
54%
Wuppertal Hbf
52%
Berlin-Spandau
51%
Oldenburg Hbf
51%
Aalen Hbf
48%
Berlin Gesundbrunnen
48%
Erlangen
45%
Bamberg
44%
Dresden-Neustadt
44%
Gelsenkirchen Hbf
42%
Hagen Hbf
42%
Hamburg Dammtor
42%
Norddeich
42%
Gütersloh Hbf
41%
Pforzheim Hbf
39%
Leer (Ostfriesl)
38%
Minden (Westf)
38%
München-Pasing
38%
Stendal
38%
Ansbach
37%
Witten Hbf
37%
Nienburg (Weser)
35%
Riesa
35%
Solingen Hbf
34%
Crailsheim
32%
Oberhausen Hbf
32%
Siegen Hbf
32%
Worms Hbf
32%
Bruchsal
31%
Flensburg
31%
Rosenheim
31%
Delmenhorst
28%
Rheine
28%
Meppen
27%
Norden
27%
Singen (Hohentwiel)
27%
Warnemünde
27%
Jena Paradies
25%
München Ost
25%
Naumburg (Saale) Hbf
25%
Recklinghausen Hbf
25%
Bingen (Rhein) Hbf
23%
Lingen (Ems)
23%
Papenburg (Ems)
23%
Vaihingen (Enz)
23%
Helmstedt
21%
Köthen
21%
Leipzig\Halle Flughafen
21%
Saalfeld (Saale)
21%
Verden (Aller)
20%
Andernach
18%
Böblingen
18%
Herford
18%
Jena-Göschwitz
18%
Oranienburg
18%
Rottweil
18%
Wetzlar
18%
Bad Bentheim
17%
Elsterwerda
17%
Ludwigslust
17%
Mühlacker
17%
Neustrelitz Hbf
17%
Remagen
17%
Tuttlingen
17%
Bahnhof Flughafen BER
15%
Doberlug-Kirchhain
15%
Ellwangen
15%
Freilassing
15%
Lichtenfels
15%
Waren (Müritz)
15%
Weißenfels
15%
Herrenberg
14%
Schwäbisch Gmünd
14%
Traunstein
14%
Westerstede-Ocholt
14%
Bad Schandau
13%
Finnentrop
13%
Horb
13%
Oberndorf (Neckar)
13%
Augustfehn
11%
Bünde (Westf)
11%
Kronach
11%
Marienhafe
11%
Wanne-Eickel Hbf
11%
Bad Nauheim
10%
Bad Zwischenahn
10%
Bondorf (bei Herrenberg)
10%
Dillenburg
10%
Sulz (Neckar)
10%
Engen
8%
Altena (Westf)
7%
Gäufelden
7%
Kreuztal
7%
Letmathe
7%
Prien am Chiemsee
7%
Rendsburg
7%
Altenhundem
6%
Plettenberg
6%
Siegen-Weidenau
6%
Spaichingen
6%
Bad Oeyenhausen
4%
Grevenbrück
4%
Werdohl
4%
Frankfurt (Main) West
3%
Keine übereinstimmenden Quizze gefunden
Verteilung der Resultate
Anzahl Personen mit jedem Resultat
Perzentil nach korrekt beantworteten Fragen
Ihre Resultats-Entwicklung
Sie haben dieses Quiz noch nicht gespielt